सोमतीर्थ : (Record no. 115193)
[ view plain ]
| 000 -LEADER | |
|---|---|
| fixed length control field | 01162nam a22002777a 4500 |
| 003 - CONTROL NUMBER IDENTIFIER | |
| control field | dpl |
| 005 - DATE AND TIME OF LATEST TRANSACTION | |
| control field | 20180711140406.0 |
| 008 - FIXED-LENGTH DATA ELEMENTS--GENERAL INFORMATION | |
| fixed length control field | 180711b xxu||||| |||| 00| 0 eng d |
| 010 ## - LIBRARY OF CONGRESS CONTROL NUMBER | |
| LC control number | B-117116 |
| 020 ## - INTERNATIONAL STANDARD BOOK NUMBER | |
| Terms of availability | 295.00 |
| International Standard Book Number | 8171198759 |
| 035 ## - SYSTEM CONTROL NUMBER | |
| System control number | B-117116, B-117117 |
| 037 ## - SOURCE OF ACQUISITION | |
| Source of stock number/acquisition | Cen Lib/Ret |
| Stock number | 8190379607 |
| 040 ## - CATALOGING SOURCE | |
| Original cataloging agency | DPL |
| Language of cataloging | HN |
| Transcribing agency | 0 |
| 082 ## - DEWEY DECIMAL CLASSIFICATION NUMBER | |
| Classification number | उ |
| Item number | चौधरी |
| 100 ## - MAIN ENTRY--PERSONAL NAME | |
| Personal name | चौधरी, रघुवीर |
| 9 (RLIN) | 60330 |
| 245 ## - TITLE STATEMENT | |
| Title | सोमतीर्थ : |
| Statement of responsibility, etc | रघुवीर चौधरी |
| Remainder of title | सोमनाथ मंदिर पर केन्द्रित उपन्यास / |
| 246 ## - VARYING FORM OF TITLE | |
| Title proper/short title | Somteertha : somnath mandir par kendrit upnyas / |
| Remainder of title | by Raghuveer Chaudhary |
| 260 ## - PUBLICATION, DISTRIBUTION, ETC. (IMPRINT) | |
| Place of publication, distribution, etc | दिल्ली |
| Name of publisher, distributor, etc | राधाकृष्ण |
| Date of publication, distribution, etc | 2004 |
| 270 ## - ADDRESS | |
| Address | जी-17, जगत पूरी |
| City | दिल्ली |
| Postal code | 110051 |
| 300 ## - PHYSICAL DESCRIPTION | |
| Extent | 255पृ. |
| Dimensions | 19सेमी(सजिल्द ) |
| 650 ## - SUBJECT ADDED ENTRY--TOPICAL TERM | |
| Topical term or geographic name as entry element | हिंदी साहित्य |
| General subdivision | |
| Geographic subdivision | |
| 9 (RLIN) | 60331 |
| 650 ## - SUBJECT ADDED ENTRY--TOPICAL TERM | |
| Topical term or geographic name as entry element | हिंदी उपन्यास |
| 9 (RLIN) | 60332 |
| 650 ## - SUBJECT ADDED ENTRY--TOPICAL TERM | |
| Topical term or geographic name as entry element | Hindi literature |
| Form subdivision | |
| 9 (RLIN) | 60333 |
| 650 ## - SUBJECT ADDED ENTRY--TOPICAL TERM | |
| Topical term or geographic name as entry element | Hindi fiction |
| 9 (RLIN) | 27248 |
| 942 ## - ADDED ENTRY ELEMENTS (KOHA) | |
| Source of classification or shelving scheme | Dewey Decimal Classification |
| Koha item type | Hindi Books |
| Classification part | उ |
| Call number suffix | चौधरी |
| Withdrawn status | Lost status | Damaged status | Not for loan | Home library | Current library | Date acquired | Source of acquisition | Cost, normal purchase price | Total Checkouts | Full call number | Barcode | Date last seen | Date checked out | Copy number | Cost, replacement price | Price effective from | Koha item type | Source of classification or shelving scheme | Collection code |
|---|---|---|---|---|---|---|---|---|---|---|---|---|---|---|---|---|---|---|---|
| Central Library | Central Library | 19/08/2015 | Cen Lib/Ref | 295.00 | 4 | उ चौधरी | B-117116 | 27/05/2019 | 10/05/2019 | 1 | 295.00 | 19/08/2015 | Hindi Books | ||||||
| Shahdara Branch | Shahdara Branch | 11/07/2018 | BPPD/PUB | 295.00 | उ चौधरी | B-117117 | 11/07/2018 | 295.00 | 11/07/2018 | Hindi Books | Dewey Decimal Classification | Fiction |
